Max Ernst (Record no. 882)
[ view plain ]
| 000 -CABECERA | |
|---|---|
| campo de control de longitud fija | 01162nam a2200265 a 4500 |
| 001 - NÚMERO DE CONTROL | |
| campo de control | BRCA_998 |
| 005 - FECHA Y HORA DE LA ÚLTIMA TRANSACCIÓN | |
| campo de control | 20190320203234.0 |
| 008 - DATOS DE LONGITUD FIJA--INFORMACIÓN GENERAL | |
| campo de control de longitud fija | 940112s1993 gw-a---##b---#000-0#eng-d |
| 020 ## - NÚMERO INTERNACIONAL ESTÁNDAR DEL LIBRO | |
| Número Internacional Estándar del Libro | 379131260X |
| 050 #4 - SIGNATURA TOPOGRÁFICA DE LA BIBLIOTECA DEL CONGRESO | |
| Número de clasificación | ND588.E7 |
| Número de documento/Ítem | .C36 1993 |
| 100 1# - ENTRADA PRINCIPAL--NOMBRE DE PERSONA | |
| Nombre de persona | Camfield, William A. |
| 9 (RLIN) | 3297 |
| 245 10 - MENCIÓN DE TÍTULO | |
| Título | Max Ernst |
| Resto del título | dada and the dawn of surrealism |
| Mención de responsabilidad, etc. | William A. Camfield ; with an introductory essay by Werner Spies and a preface by Walter Hopps. |
| 260 ## - PUBLICACIÓN, DISTRIBUCIÓN, ETC. | |
| Lugar de publicación, distribución, etc. | Nueva York |
| Nombre del editor, distribuidor, etc. | Neues Pub. Co. |
| Fecha de publicación, distribución, etc. | 1993 |
| 300 ## - DESCRIPCIÓN FÍSICA | |
| Extensión | 373 p. |
| Otras características físicas | il. (algunas a color) |
| Dimensiones | 30 cm. |
| 500 ## - NOTA GENERAL | |
| Nota general | Catálogo de la exposición realizada en el Museum of Modern Art (New York), 14 marzo - 2 mayo, 1993 ; the Menil Collection (Houston) 28 mayo - 29 agosto, 1993 ; the Art Institute of Chicago, 15 septiembre - 30 noviembre, 1993 |
| 500 ## - NOTA GENERAL | |
| Nota general | Incluye cronología y lista de trabajadores |
| 504 ## - NOTA DE BIBLIOGRAFÍA, ETC. | |
| Nota de bibliografía, etc. | Bibliografía: p. 353-359 |
| 600 14 - PUNTO DE ACCESO ADICIONAL DE MATERIA--NOMBRE DE PERSONA | |
| Nombre de persona | Ernst, Max |
| Fechas asociadas al nombre | 1891-1976 |
| Subdivisión de forma | Exposiciones |
| 9 (RLIN) | 3298 |
| 650 14 - PUNTO DE ACCESO ADICIONAL DE MATERIA--TÉRMINO DE MATERIA | |
| Término de materia o nombre geográfico como elemento de entrada | Dadaísmo |
| Subdivisión de forma | Exposiciones |
| 9 (RLIN) | 3299 |
| 650 14 - PUNTO DE ACCESO ADICIONAL DE MATERIA--TÉRMINO DE MATERIA | |
| Término de materia o nombre geográfico como elemento de entrada | Surrealismo |
| Subdivisión de forma | Exposiciones |
| 9 (RLIN) | 3300 |
| 700 1# - PUNTO DE ACCESO ADICIONAL--NOMBRE DE PERSONA | |
| Nombre de persona | Ernst, Max |
| Fechas asociadas al nombre | 1891-1976 |
| 9 (RLIN) | 3301 |
| 700 1# - PUNTO DE ACCESO ADICIONAL--NOMBRE DE PERSONA | |
| Nombre de persona | Spies, Werner |
| Fechas asociadas al nombre | 1937- |
| 9 (RLIN) | 3302 |
| 700 1# - PUNTO DE ACCESO ADICIONAL--NOMBRE DE PERSONA | |
| Nombre de persona | Hopps, Walter |
| 9 (RLIN) | 3303 |
| 942 ## - ELEMENTOS DE PUNTO DE ACCESO ADICIONAL (KOHA) | |
| Fuente del sistema de clasificación o colocación | Library of Congress Classification |
| Tipo de ítem Koha | Libros |
| Estado de retiro | Estado de pérdida | Estado dañado | No para préstamo | Localización permanente | Ubicación/localización actual | Fecha de adquisición | Total de préstamos | Signatura topográfica completa | Código de barras | Fecha visto por última vez | Precio válido a partir de | Tipo de ítem Koha |
|---|---|---|---|---|---|---|---|---|---|---|---|---|
| El ejemplar forma parte de la colección y puede ser consultado según las políticas vigentes. | Biblioteca del Museo Franz Mayer (Rogerio Casas-Alatriste) | Biblioteca del Museo Franz Mayer (Rogerio Casas-Alatriste) | 26/06/2008 | ND588.E7 .C36 1993 | 01491 | 22/03/2019 | 22/03/2019 | Libros |